History - European History | 1 | 5 | 0 | 1 | 65 | 69 | 99.83 | 4 | 6 |
Philosophy | 0 | 6 | 0 | 1 | 60 | 73 | 116.83 | 3 | 6 |
Literature - British Literature | 1 | 3 | 0 | 0 | 45 | 74 | 119.25 | 2 | 4 |
History - World History | 0 | 5 | 1 | 3 | 45 | 68 | 117.20 | 3 | 5 |
Literature - World Literature | 0 | 5 | 1 | 0 | 45 | 98 | 115.20 | 1 | 5 |
Literature - American Literature | 1 | 3 | 1 | 0 | 40 | 46 | 104.00 | 1 | 4 |
Literature - European Literature | 0 | 4 | 0 | 1 | 40 | 121 | 130.25 | 3 | 4 |
History - American History | 2 | 1 | 0 | 0 | 40 | 58 | 72.33 | 2 | 3 |
History - Other History | 1 | 2 | 0 | 0 | 35 | 72 | 83.00 | 1 | 3 |
Religion | 0 | 3 | 0 | 1 | 30 | 129 | 136.33 | 0 | 3 |
Mythology | 0 | 2 | 1 | 1 | 15 | 85 | 108.00 | 1 | 2 |
Science - Chemistry | 0 | 2 | 1 | 0 | 15 | 116 | 116.50 | 0 | 2 |
Fine Arts - Visual Fine Arts | 0 | 1 | 0 | 0 | 10 | 118 | 118.00 | 0 | 1 |
Fine Arts - Auditory Fine Arts | 0 | 1 | 0 | 0 | 10 | 143 | 143.00 | 0 | 1 |
Fine Arts - Other Fine Arts | 0 | 1 | 1 | 0 | 5 | 95 | 95.00 | 1 | 1 |
Social Science | 0 | 1 | 2 | 0 | 0 | 67 | 67.00 | 1 | 1 |
Current Events | 0 | 0 | 0 | 0 | 0 | | 0.00 | 0 | 0 |
Science - Other Science | 0 | 0 | 1 | 0 | -5 | | 0.00 | 0 | 0 |